Teoría del Derecho: identidad y transformaciones
Tallennettuna:
| Päätekijä: | |
|---|---|
| Aineistotyyppi: | Kirja |
| Kieli: | espanja |
| Julkaistu: |
Santiago, Chile
Ediciones UC
2019
|
| Aiheet: | |
| Tagit: |
Lisää tagi
Ei tageja, Lisää ensimmäinen tagi!
|
MARC
| LEADER | 00000cam a2200000 a 4500 | ||
|---|---|---|---|
| 001 | UCC8443 | ||
| 003 | CL-VaPUC | ||
| 005 | 20211221074230.0 | ||
| 008 | 190705e20190000cl |||||||||||||||||spa|d | ||
| 999 | |c 374772 |d 374770 | ||
| 020 | |a 9789561423985 | ||
| 040 | |c Pontificia Universidad Católica de Valparaíso | ||
| 082 | 0 | 4 | |a 340.1 VER 2019 |2 21 |
| 100 | 0 | |a Vergara Blanco, Alejandro |e author |9 603129 | |
| 245 | 1 | 0 | |a Teoría del Derecho: identidad y transformaciones |
| 260 | |a Santiago, Chile |b Ediciones UC |c 2019 | ||
| 300 | |a 301 páginas | ||
| 583 | |a last modification |c 20190705 13:21:00 |k Rodrigo Vera | ||
| 650 | 0 | |a Filosofía del derecho |9 255050 | |
| 650 | 0 | |a Sociología del derecho |9 254890 | |
| 650 | 0 | |a Fuentes del derecho |9 255162 | |
| 852 | |a BIBDER | ||
| 942 | |c BK |2 ddc | ||
| 945 | |d 20190705 13:21:00 |a dcastane | ||
| 952 | |0 0 |1 0 |3 erb |4 0 |6 340_100000000000000_VER_2019 |7 0 |8 A |9 493483 |a BIBDER |b BIBDER |d 2019-07-02 |e 22 |g 19000.00 |i 5554632 |o 340.1 VER 2019 |p 5554632 |r 2023-01-25 |v 19000.00 |w 2019-11-24 |y BK |z Catalogado en:20190705 |k DER | ||